000 00573nam a2200205 a 4500
001 18443
003 CO-ViMGA
008 141112s2004 ck r 000 u spa d
020 _a9583800465
040 _aCO-ViMGA
_bspa
_cCO-ViMGA
082 0 4 _a291.211 L384t
100 1 _aLevi - strauss, Claude
245 1 0 _aEl totemismo en la actualidad
260 _aMexico,
_cFondo de cultura económica,
_c1997
300 _a157.p.
590 _aForma de adquisición : Premio - Mincultura
650 1 4 _aRELIGION PRIMITIVA
_926274
650 1 4 _aTOTEMISMO
_949217
942 _2ddc
_cBK
999 _c27741
_d27741